[Event "1. Bundesliga 2014/2015"]
[Site "Feffernitz, St. Veit/Glan, Mayrhofen"]
[Date "2014.11.21"]
[Round "2"]
[Board "4"]
[White "Wegerle, Joerg"]
[Black "Diermair, Andreas"]
[Result "1/2-1/2"]
[WhiteElo "2434"]
[BlackElo "2463"]
[PlyCount "108"]
[EventDate "2014.11.20"]
[EventType "team"]
[EventRounds "11"]
[EventCountry "AUT"]
[WhiteTeam "SK Absam"]
[BlackTeam "SV Raika Rapid Feffernitz"]

1. e4 c6 2. Nf3 d5 3. exd5 cxd5 4. Ne5 Nf6 5. d4 g6 6. Bd3 Bg7 7. O-O O-O 8.
Qe2 Nc6 9. c3 Bf5 10. Bxf5 gxf5 11. Bf4 Rc8 12. Nd2 e6 13. Rae1 Ne7 14. Bg5 Qc7
15. Bxf6 Bxf6 16. f4 Bg7 17. Ndf3 h6 18. Nh4 Nc6 19. Qh5 Nxe5 20. fxe5 Qe7 21.
Nf3 Kh7 22. h4 f6 23. exf6 Rxf6 24. Ng5+ Kg8 25. Nh3 Qf7 26. Nf4 Rc6 27. Re3
Qxh5 28. Nxh5 Rg6 29. Nf4 Rf6 30. Rfe1 Kf7 31. h5 Ra6 32. a3 Bf8 33. Nd3 Bd6
34. Rf3 Ke7 35. Kf2 Rb6 36. Rg1 f4 37. Rh1 Rf5 38. Rh4 Kf6 39. Ke1 Kg5 40. Rh1
Rc6 41. Kf2 Rb6 42. Re1 Kf6 43. Rh3 Rg5 44. Re2 Kf5 45. Kf1 Rg4 46. Ke1 Rc6 47.
Kf1 Rc8 48. Ne1 Rcg8 49. Nf3 Kf6 50. Rh2 Rg3 51. Rh4 R3g4 52. Rh2 Rg3 53. Rh4
R3g4 54. Rh2 Rg3 1/2-1/2

[Event "1. Bundesliga 2014/2015"]
[Site "Feffernitz, St. Veit/Glan, Mayrhofen"]
[Date "2014.11.21"]
[Round "2"]
[Board "5"]
[White "Sebenik, Matej"]
[Black "Deglmann, Ludwig"]
[Result "1-0"]
[WhiteElo "2515"]
[BlackElo "2374"]
[PlyCount "61"]
[EventDate "2014.11.20"]
[EventType "team"]
[EventRounds "11"]
[EventCountry "AUT"]
[WhiteTeam "SV Raika Rapid Feffernitz"]
[BlackTeam "SK Absam"]

1. e4 e6 2. d4 d5 3. Nd2 Nf6 4. e5 Nfd7 5. c3 c5 6. f4 Nc6 7. Ndf3 cxd4 8. cxd4
Nb6 9. Bd3 Be7 10. Ne2 a5 11. O-O f5 12. Nc3 O-O 13. a3 Bd7 14. Be3 a4 15. Nd2
Be8 16. g4 Bg6 17. Rf2 Na5 18. Rg2 Nac4 19. Nxc4 dxc4 20. Bc2 Nd5 21. Bd2 b5
22. Qf3 fxg4 23. Qxg4 Nxf4 24. Bxf4 Qxd4+ 25. Kh1 Rxf4 26. Qxe6+ Rf7 27. Rxg6
hxg6 28. Rf1 Raf8 29. Bxg6 Bf6 30. exf6 gxf6 31. Rg1 1-0

[Event "1. Bundesliga 2014/2015"]
[Site "Feffernitz, St. Veit/Glan, Mayrhofen"]
[Date "2014.11.21"]
[Round "2"]
[Board "6"]
[White "De Francesco, Klaus"]
[Black "Fauland, Alexander"]
[Result "0-1"]
[WhiteElo "2237"]
[BlackElo "2433"]
[PlyCount "106"]
[EventDate "2014.11.20"]
[EventType "team"]
[EventRounds "11"]
[EventCountry "AUT"]
[WhiteTeam "SK Absam"]
[BlackTeam "SV Raika Rapid Feffernitz"]

1. d4 Nf6 2. c4 d6 3. Nc3 g6 4. e4 Bg7 5. Nf3 O-O 6. h3 a6 7. Bg5 c6 8. a4 a5
9. Be2 Na6 10. O-O Nd7 11. Qd2 f6 12. Be3 e5 13. Rad1 Qe7 14. d5 c5 15. Nb5 b6
16. Ne1 f5 17. exf5 gxf5 18. Bg5 Bf6 19. Bxf6 Nxf6 20. f4 e4 21. Nc2 Nc7 22.
Nxc7 Qxc7 23. Ne3 h5 24. Qe1 Qh7 25. Qh4 Ra7 26. Kh1 Rg7 27. Rg1 Kf7 28. Rdf1
Rfg8 29. Qe1 Rg3 30. Bd1 Bd7 31. Rf2 Ng4 32. Re2 Nxe3 33. Rxe3 h4 34. Qf2 Rxe3
35. Qxe3 Rg3 36. Qf2 Qg7 37. Re1 Qd4 38. Qe2 Kg7 39. b3 Be8 40. Kh2 Rd3 41. Qf1
Rd2 42. Kh1 Rf2 43. Qg1 Rxf4 44. g3 Qxg1+ 45. Rxg1 hxg3 46. Rxg3+ Kf6 47. Kg2
Bg6 48. Re3 Rh4 49. Kg3 Kg5 50. Re1 f4+ 51. Kg2 Bf5 52. Bc2 f3+ 53. Kf2 Kf4 0-1

[Event "1. Bundesliga 2014/2015"]
[Site "Feffernitz, St. Veit/Glan, Mayrhofen"]
[Date "2014.11.21"]
[Round "2"]
[Board "1"]
[White "Kozul, Zdenko"]
[Black "Prohaszka, Peter"]
[Result "0-1"]
[WhiteElo "2630"]
[BlackElo "2597"]
[PlyCount "84"]
[EventDate "2014.11.20"]
[EventType "team"]
[EventRounds "11"]
[EventCountry "AUT"]
[WhiteTeam "SV Wolfsberg"]
[BlackTeam "SV Jacques Lemans St. Veit"]

1. d4 d5 2. c4 c6 3. Nc3 Nf6 4. e3 a6 5. a4 Bf5 6. Qb3 b6 7. Nf3 e6 8. Be2 Bd6
9. O-O O-O 10. Bd2 Ne4 11. Rfd1 a5 12. Be1 Nd7 13. cxd5 exd5 14. Rac1 Rc8 15.
g3 Re8 16. Nh4 Be6 17. Nxe4 dxe4 18. Bc4 Nf6 19. Bxe6 Rxe6 20. Nf5 Nd5 21. Rxc6
Rxc6 22. Qxd5 Rc8 23. Qb3 Rf6 24. Qd5 Bf8 25. Qxd8 Rxd8 26. g4 Rg6 27. h3 h5
28. Nh4 Rc6 29. Nf5 hxg4 30. hxg4 Rg6 31. Rc1 Rxg4+ 32. Kf1 Rg6 33. Ng3 Re6 34.
Ne2 Ree8 35. Rc6 Rb8 36. Rc7 Rec8 37. Ra7 Rc2 38. Bc3 Bb4 39. Bxb4 axb4 40. b3
Rb2 41. d5 Rxb3 42. Nd4 Rc3 0-1

[Event "1. Bundesliga 2014/2015"]
[Site "Feffernitz, St. Veit/Glan, Mayrhofen"]
[Date "2014.11.21"]
[Round "2"]
[Board "2"]
[White "Kuljasevic, Davorin"]
[Black "Stevic, Hrvoje"]
[Result "1/2-1/2"]
[WhiteElo "2546"]
[BlackElo "2594"]
[PlyCount "90"]
[EventDate "2014.11.20"]
[EventType "team"]
[EventRounds "11"]
[EventCountry "AUT"]
[WhiteTeam "SV Jacques Lemans St. Veit"]
[BlackTeam "SV Wolfsberg"]

1. d4 Nc6 2. d5 Ne5 3. f4 Ng6 4. e4 e6 5. dxe6 dxe6 6. Qxd8+ Kxd8 7. Nf3 Bc5 8.
Bd3 Bd7 9. Nc3 f6 10. e5 Bb6 11. Ne4 f5 12. Neg5 Ke8 13. Bc4 Nf8 14. a4 a5 15.
Ke2 h6 16. Nh3 Ne7 17. Be3 Bxe3 18. Kxe3 Bc6 19. Rhg1 Nd5+ 20. Ke2 Nb6 21. Bb3
Rd8 22. c3 Bxf3+ 23. Kxf3 Kf7 24. Ke2 Nfd7 25. Bc2 Nc5 26. b4 Na6 27. bxa5 Nc4
28. Bd3 Nxa5 29. Bxa6 bxa6 30. Nf2 g5 31. g4 gxf4 32. gxf5 exf5 33. Kf3 Rd2 34.
e6+ Kf6 35. Rad1 Rxd1 36. Rxd1 Kxe6 37. Nd3 Kd5 38. Nb4+ Kc4 39. Nxa6 c6 40.
Nb4 Rc8 41. Kxf4 Kxc3 42. Nd5+ Kb2 43. Ne7 Rc7 44. Nxf5 c5 45. Rd6 c4 1/2-1/2

[Event "1. Bundesliga 2014/2015"]
[Site "Feffernitz, St. Veit/Glan, Mayrhofen"]
[Date "2014.11.21"]
[Round "2"]
[Board "3"]
[White "Jovanovic, Zoran"]
[Black "Bosiocic, Marin"]
[Result "1/2-1/2"]
[WhiteElo "2530"]
[BlackElo "2556"]
[PlyCount "66"]
[EventDate "2014.11.20"]
[EventType "team"]
[EventRounds "11"]
[EventCountry "AUT"]
[WhiteTeam "SV Wolfsberg"]
[BlackTeam "SV Jacques Lemans St. Veit"]

1. e4 e5 2. Nf3 Nc6 3. Bc4 Bc5 4. c3 Nf6 5. d3 O-O 6. O-O d5 7. exd5 Nxd5 8.
Re1 Bg4 9. h3 Bh5 10. Nbd2 Nb6 11. b4 Be7 12. b5 Na5 13. g4 Bg6 14. Nxe5 Bf6
15. Nxg6 hxg6 16. Ne4 Naxc4 17. dxc4 Nxc4 18. Qxd8 Rfxd8 19. Nxf6+ gxf6 20. Bf4
Rd5 21. a4 Ne5 22. Bxe5 fxe5 23. Re4 Rc5 24. Rd1 Re8 25. c4 f5 26. gxf5 gxf5
27. Rh4 e4 28. Rd7 Rxc4 29. Rhh7 e3 30. fxe3 Rxe3 31. Rdg7+ Kf8 32. Rxc7 Rxc7
33. Rxc7 Ra3 1/2-1/2

[Event "1. Bundesliga 2014/2015"]
[Site "Feffernitz, St. Veit/Glan, Mayrhofen"]
[Date "2014.11.21"]
[Round "2"]
[Board "4"]
[White "Rogic, Davor"]
[Black "Cebalo, Miso"]
[Result "1-0"]
[WhiteElo "2547"]
[BlackElo "2379"]
[PlyCount "87"]
[EventDate "2014.11.20"]
[EventType "team"]
[EventRounds "11"]
[EventCountry "AUT"]
[WhiteTeam "SV Jacques Lemans St. Veit"]
[BlackTeam "SV Wolfsberg"]

1. e4 c5 2. Nf3 d6 3. d4 cxd4 4. Nxd4 Nf6 5. Nc3 a6 6. Be2 e5 7. Nb3 Be7 8. O-O
O-O 9. Re1 Be6 10. Bf3 Nbd7 11. a4 Rc8 12. a5 Qc7 13. Nd2 Nb8 14. Nb3 Nbd7 15.
Be3 h6 16. Re2 Nc5 17. Nc1 Rfe8 18. h3 Qc6 19. Bxc5 Qxc5 20. Nd3 Qa7 21. Nb4
Rc5 22. Rd2 Rec8 23. Ra3 Qb8 24. Bg4 Rxc3 25. bxc3 Nxe4 26. Rd3 f5 27. Bf3 Rc5
28. Re3 Nf6 29. Re1 Qc7 30. Qa1 e4 31. Be2 f4 32. Bxa6 Rg5 33. h4 Rg4 34. Bf1
f3 35. a6 fxg2 36. Be2 d5 37. axb7 Kh7 38. Ra8 Qf4 39. Qc1 Qe5 40. Nc6 Qxc3 41.
b8=Q Bc5 42. h5 Bc8 43. Qxc8 Bxf2+ 44. Kxf2 1-0

[Event "1. Bundesliga 2014/2015"]
[Site "Feffernitz, St. Veit/Glan, Mayrhofen"]
[Date "2014.11.21"]
[Round "2"]
[Board "5"]
[White "Steflitsch, Erich"]
[Black "Hoelzl, Franz"]
[Result "0-1"]
[WhiteElo "2343"]
[BlackElo "2333"]
[PlyCount "59"]
[EventDate "2014.11.20"]
[EventType "team"]
[EventRounds "11"]
[EventCountry "AUT"]
[WhiteTeam "SV Wolfsberg"]
[BlackTeam "SV Jacques Lemans St. Veit"]

1. d4 Nf6 2. c4 e6 3. Nc3 Bb4 4. Qc2 c5 5. dxc5 Qc7 6. a3 Bxc5 7. Nf3 a6 8. e3
b6 9. Be2 Bb7 10. Bd2 O-O 11. Rc1 Nc6 12. b4 Be7 13. O-O Rac8 14. Rfd1 Rfd8 15.
h3 a5 16. Nb5 Qb8 17. bxa5 Nxa5 18. Bb4 d6 19. Nd2 Bf8 20. Qb2 Nd7 21. Nb3 Nxb3
22. Qxb3 Nc5 23. Qb2 d5 24. cxd5 Bxd5 25. Nc3 Qe5 26. Rb1 Bc6 27. Rxd8 Rxd8 28.
Nb5 Qg5 29. g3 Qd5 30. f3 0-1

[Event "1. Bundesliga 2014/2015"]
[Site "Feffernitz, St. Veit/Glan, Mayrhofen"]
[Date "2014.11.21"]
[Round "2"]
[Board "6"]
[White "Hebesberger, Thomas"]
[Black "Hresc, Vladimir"]
[Result "0-1"]
[WhiteElo "2338"]
[BlackElo "2400"]
[PlyCount "124"]
[EventDate "2014.11.20"]
[EventType "team"]
[EventRounds "11"]
[EventCountry "AUT"]
[WhiteTeam "SV Jacques Lemans St. Veit"]
[BlackTeam "SV Wolfsberg"]

1. c4 Nf6 2. g3 g6 3. Bg2 Bg7 4. d4 O-O 5. Nc3 c6 6. e4 d6 7. Nge2 e5 8. O-O
Nbd7 9. h3 Re8 10. Be3 exd4 11. Nxd4 Nc5 12. Qc2 Qc7 13. b4 Ne6 14. Nde2 h5 15.
Rad1 Bd7 16. Qd2 Bf8 17. f4 Ng7 18. Bd4 Nh7 19. Kh1 Be6 20. Qd3 f5 21. Rfe1 Qf7
22. c5 dxc5 23. Bxc5 Bxc5 24. bxc5 Bxa2 25. Nxa2 Qxa2 26. e5 Qf7 27. Qc2 Ne6
28. h4 Nhf8 29. Rd6 Nd7 30. Nd4 Ndxc5 31. Rd1 Nxd4 32. Qxc5 Ne6 33. Qb4 Re7 34.
Bf1 Rae8 35. Bc4 Kg7 36. Qb2 Qf8 37. Rd7 Nc5 38. R7d4 b5 39. Ba2 Ne4 40. Kh2
Kh6 41. Bb1 Nf6 42. Kh3 Ng4 43. Ba2 c5 44. Rd6 c4 45. R1d5 c3 46. Qxc3 Nf2+ 47.
Kh2 Ne4 48. Qc6 Rc8 49. Rxg6+ Kh7 50. Rh6+ Qxh6 51. Qxc8 Qg6 52. Rd3 Rg7 53.
Qc2 Nxg3 54. Qg2 Ne4 55. Qxg6+ Kxg6 56. Ra3 Rc7 57. Ra6+ Kg7 58. Bd5 b4 59.
Bxe4 fxe4 60. f5 b3 61. Rg6+ Kf8 62. Rg3 Rb7 0-1

[Event "1. Bundesliga 2014/2015"]
[Site "Feffernitz, St. Veit/Glan, Mayrhofen"]
[Date "2014.11.22"]
[Round "3"]
[Board "1"]
[White "Prohaszka, Peter"]
[Black "Haba, Petr"]
[Result "1/2-1/2"]
[WhiteElo "2597"]
[BlackElo "2512"]
[PlyCount "69"]
[EventDate "2014.11.20"]
[EventType "team"]
[EventRounds "11"]
[EventCountry "AUT"]
[WhiteTeam "SV Jacques Lemans St. Veit"]
[BlackTeam "Spk. Grieskirchen/Schallerbach"]

1.Nf3 d5 2.g3 Bg4 3.Bg2 Nd7 4.c4 c6 5.cxd5 cxd5 6.Nc3 e6 7.O-O Ngf6 8.Qb3 Qb6 9.Qxb6
Nxb6 10.Nb5 Bxf3 11.Bxf3 Kd8 12.d3 a6 13.Nc3 Bd6 14.Be3 Nbd7 15.Rfc1 Ke7 16.Rc2 Rhc8
17.Rac1 Rc7 18.Na4 Rac8 19.Rxc7 Rxc7 20.Rxc7 Bxc7 21.Nc5 Nxc5 22.Bxc5+ Bd6 23.Bd4
g6 24.Bc3 Nd7 25.d4 f5 26.Bg2 Nb6 27.b3 Nc8 28.Kf1 Na7 29.Ke1 Nb5 30.Kd2 Nxc3 31.Kxc3
a5 32.Kd3 b6 33.e3 g5 34.h3 h5 35.Bf3 1/2-1/2

[Event "1. Bundesliga 2014/2015"]
[Site "Feffernitz, St. Veit/Glan, Mayrhofen"]
[Date "2014.11.22"]
[Round "3"]
[Board "2"]
[White "Kilgus, Georg"]
[Black "Kuljasevic, Davorin"]
[Result "1/2-1/2"]
[WhiteElo "2429"]
[BlackElo "2546"]
[PlyCount "104"]
[EventDate "2014.11.20"]
[EventType "team"]
[EventRounds "11"]
[EventCountry "AUT"]
[WhiteTeam "Spk. Grieskirchen/Schallerbach"]
[BlackTeam "SV Jacques Lemans St. Veit"]

1.Nf3 Nf6 2.g3 b5 3.Bg2 Bb7 4.d3 e6 5.O-O d6 6.e4 c5 7.a4 b4 8.Nbd2 Be7 9.Nc4 O-O
10.e5 dxe5 11.Nfxe5 Bxg2 12.Kxg2 Nd5 13.f4 f6 14.Nf3 Nc6 15.Qe2 Nc7 16.b3 Qd5 17.Bb2
Rad8 18.Rae1 Rfe8 19.Kh1 Nd4 20.Bxd4 cxd4 21.Qg2 Bc5 22.Re2 Qd7 23.Nfd2 Nd5 24.Qf3
Nc3 25.Rg2 Qd5 26.Ne4 Be7 27.g4 Rf8 28.f5 Nxe4 29.dxe4 Qc6 30.e5 Qxf3 31.Rxf3 fxe5
32.Nxe5 Rd5 33.Re2 exf5 34.gxf5 Bf6 35.Nd3 a5 36.Kg2 Kf7 37.Nb2 Rc8 38.Nc4 Rcc5 39.Kg3
h5 40.h3 Bd8 41.Re4 Bc7+ 42.Kf2 Rxf5 43.Rxd4 Rxf3+ 44.Kxf3 Rf5+ 45.Ke2 Ke6 46.Re4+
Kd7 47.Rd4+ Ke6 48.Re4+ Kd7 49.Rd4+ Kc6 50.Re4 Rg5 51.Re7 Rg2+ 52.Kd3 g5 1/2-1/2

[Event "1. Bundesliga 2014/2015"]
[Site "Feffernitz, St. Veit/Glan, Mayrhofen"]
[Date "2014.11.22"]
[Round "3"]
[Board "3"]
[White "Bosiocic, Marin"]
[Black "Schwabeneder, Florian"]
[Result "1/2-1/2"]
[WhiteElo "2556"]
[BlackElo "2320"]
[PlyCount "133"]
[EventDate "2014.11.20"]
[EventType "team"]
[EventRounds "11"]
[EventCountry "AUT"]
[WhiteTeam "SV Jacques Lemans St. Veit"]
[BlackTeam "Spk. Grieskirchen/Schallerbach"]

1.d4 e6 2.c4 f5 3.Nc3 Nf6 4.Bf4 Be7 5.e3 b6 6.Nf3 Bb7 7.d5 Na6 8.Nd4 Qc8 9.a3 O-O
10.Be2 c6 11.d6 Bd8 12.Rg1 c5 13.Ndb5 Ne4 14.g4 Bh4 15.Nxe4 fxe4 16.Rg2 Rxf4 17.exf4
Qf8 18.f5 exf5 19.gxf5 e3 20.Bf3 Re8 21.Bd5+ Kh8 22.Qh5 exf2+ 23.Kd2 Bxd5 24.cxd5
Re1 25.Rxf2 Bxf2 26.Rxe1 Bxe1+ 27.Kxe1 c4 28.Kd2 Nc5 29.Kc3 a6 30.Nd4 Ne4+ 31.Kxc4
Nxd6+ 32.Kd3 Qe7 33.Qe2 Qxe2+ 34.Kxe2 Kg8 35.b3 Kf7 36.Kf3 Kf6 37.Kf4 Nb7 38.b4 Nd6
39.a4 Nc4 40.Nb3 d6 41.Ke4 Kg5 42.Nd4 Nb2 43.a5 bxa5 44.bxa5 Nc4 45.Nc6 Nd2+ 46.Kd3
Nb3 47.Kc4 Nc5 48.Nd4 Nb7 49.Kb4 Kf6 50.Ne6 Kxf5 51.Nxg7+ Ke5 52.Ne6 h6 53.h4 Kf5
54.h5 Kg4 55.Nc7 Nc5 56.Ne8 Nb7 57.Nxd6 Nxd6 58.Kc5 Nc8 59.d6 Nxd6 60.Kxd6 Kxh5 61.Kc6
Kg4 62.Kb6 h5 63.Kxa6 h4 64.Ka7 h3 65.a6 h2 66.Kb8 h1=Q 67.a7 1/2-1/2

[Event "1. Bundesliga 2014/2015"]
[Site "Feffernitz, St. Veit/Glan, Mayrhofen"]
[Date "2014.11.22"]
[Round "3"]
[Board "4"]
[White "Singer, Christoph"]
[Black "Rogic, Davor"]
[Result "1/2-1/2"]
[WhiteElo "2358"]
[BlackElo "2547"]
[PlyCount "93"]
[EventDate "2014.11.20"]
[EventType "team"]
[EventRounds "11"]
[EventCountry "AUT"]
[WhiteTeam "Spk. Grieskirchen/Schallerbach"]
[BlackTeam "SV Jacques Lemans St. Veit"]

1.e4 e5 2.Nf3 Nc6 3.Bc4 Bc5 4.c3 Nf6 5.d3 O-O 6.b4 Bd6 7.O-O a6 8.Bb3 Be7 9.Re1 d5
10.Qc2 Bg4 11.Nbd2 Qd7 12.h3 dxe4 13.dxe4 Bh5 14.Bb2 Rad8 15.Rad1 Qc8 16.Bc4 h6 17.Be2
Rfe8 18.a4 Bf8 19.Nf1 Nb8 20.Ng3 Bxf3 21.Bxf3 c5 22.Qb3 Nc6 23.b5 Na5 24.Qc2 c4 25.bxa6
bxa6 26.Bc1 Qc6 27.Nf5 Nb3 28.Ne3 Nd7 29.Be2 Nb6 30.Bxc4 Rxd1 31.Bxf7+ Kxf7 32.Qxb3+
Kg6 33.Rxd1 Nxa4 34.Nd5 Rc8 35.Ba3 Nc5 36.Qc2 Kh7 37.Rb1 Qg6 38.Bxc5 Bxc5 39.Rb2 Qg5
40.Qe2 Rf8 41.Ne3 Rf6 42.Ra2 Rb6 43.Ra1 Rg6 44.Qf3 Rf6 45.Qe2 Rg6 46.Qf3 Rf6 47.Qe2 1/2-1/2

[Event "1. Bundesliga 2014/2015"]
[Site "Feffernitz, St. Veit/Glan, Mayrhofen"]
[Date "2014.11.22"]
[Round "3"]
[Board "5"]
[White "Hoelzl, Franz"]
[Black "Lentrodt, Thomas"]
[Result "1/2-1/2"]
[WhiteElo "2333"]
[BlackElo "2271"]
[PlyCount "79"]
[EventDate "2014.11.20"]
[EventType "team"]
[EventRounds "11"]
[EventCountry "AUT"]
[WhiteTeam "SV Jacques Lemans St. Veit"]
[BlackTeam "Spk. Grieskirchen/Schallerbach"]

1.d4 Nf6 2.Nf3 d5 3.c4 e6 4.Bg5 Be7 5.Nc3 O-O 6.e3 Nbd7 7.Qc2 a6 8.c5 c6 9.Bd3 h6
10.Bf4 b6 11.cxb6 Qxb6 12.O-O c5 13.Na4 Qa7 14.Rfc1 c4 15.Be2 Bb7 16.b3 Rac8 17.Qb2
Bc6 18.Nc3 Nb6 19.Nd2 Ba8 20.h3 Rfd8 21.Bf1 Ne8 22.Rab1 Nd6 23.a4 cxb3 24.Bxd6 Bxd6
25.Qxb3 Rb8 26.Qa2 Nd7 27.Nb3 Bb4 28.Qe2 Rdc8 29.Na2 Rxc1 30.Rxc1 Bf8 31.Qc2 Nb6 32.Nc5
a5 33.Nc3 Bc6 34.Nb5 Bxb5 35.Bxb5 Rc8 36.Qd2 Bd6 37.Nb3 Bb4 38.Rxc8+ Nxc8 39.Qc2 Qb7
40.Qc6 1/2-1/2

[Event "1. Bundesliga 2014/2015"]
[Site "Feffernitz, St. Veit/Glan, Mayrhofen"]
[Date "2014.11.22"]
[Round "3"]
[Board "6"]
[White "Schueller, Ernst"]
[Black "Hebesberger, Thomas"]
[Result "0-1"]
[WhiteElo "2185"]
[BlackElo "2338"]
[PlyCount "48"]
[EventDate "2014.11.20"]
[EventType "team"]
[EventRounds "11"]
[EventCountry "AUT"]
[WhiteTeam "Spk. Grieskirchen/Schallerbach"]
[BlackTeam "SV Jacques Lemans St. Veit"]

1.e4 c5 2.Nf3 g6 3.Bc4 Bg7 4.O-O Nc6 5.Re1 e6 6.c3 Nge7 7.e5 O-O 8.d4 cxd4 9.cxd4
d6 10.Bg5 h6 11.Bh4 dxe5 12.Bxe7 Qxe7 13.dxe5 b6 14.Nc3 Bb7 15.Qe2 Rfd8 16.Ba6 Nd4
17.Nxd4 Rxd4 18.Bxb7 Qxb7 19.Rad1 Rad8 20.Rxd4 Rxd4 21.g3 Qd7 22.Qf3 Rd3 23.Qa8+ Kh7
24.Re2 Rxc3 0-1

[Event "1. Bundesliga 2014/2015"]
[Site "Feffernitz, St. Veit/Glan, Mayrhofen"]
[Date "2014.11.22"]
[Round "3"]
[Board "1"]
[White "Luther, Thomas"]
[Black "Kozul, Zdenko"]
[Result "0-1"]
[WhiteElo "2570"]
[BlackElo "2630"]
[PlyCount "54"]
[EventDate "2014.11.20"]
[EventType "team"]
[EventRounds "11"]
[EventCountry "AUT"]
[WhiteTeam "SK Absam"]
[BlackTeam "SV Wolfsberg"]

1.e4 c5 2.Nf3 d6 3.d4 cxd4 4.Nxd4 Nf6 5.Nc3 Nc6 6.Bg5 e6 7.Qd2 a6 8.O-O-O Bd7 9.f3
Be7 10.Be3 O-O 11.g4 Nxd4 12.Qxd4 Bc6 13.g5 Nd7 14.h4 b5 15.h5 Bxg5 16.Rg1 Bxe3+ 17.Qxe3
Qe7 18.Rd2 f6 19.Ne2 Rf7 20.Nd4 Bb7 21.Bh3 Nf8 22.Bxe6 Nxe6 23.Nf5 Qc7 24.Qb3 Qc5
25.Rxg7+ Rxg7 26.Qxe6+ Kh8 27.Rg2 Rag8 0-1

[Event "1. Bundesliga 2014/2015"]
[Site "Feffernitz, St. Veit/Glan, Mayrhofen"]
[Date "2014.11.22"]
[Round "3"]
[Board "2"]
[White "Stevic, Hrvoje"]
[Black "Dizdar, Goran"]
[Result "1/2-1/2"]
[WhiteElo "2594"]
[BlackElo "2500"]
[PlyCount "65"]
[EventDate "2014.11.20"]
[EventType "team"]
[EventRounds "11"]
[EventCountry "AUT"]
[WhiteTeam "SV Wolfsberg"]
[BlackTeam "SK Absam"]

1.e4 e6 2.d4 d5 3.Nd2 c5 4.Ngf3 cxd4 5.Nxd4 Nc6 6.Bb5 Bd7 7.Nxc6 Bxc6 8.Bxc6+ bxc6
9.c4 Qa5 10.O-O Nf6 11.Qc2 d4 12.Nb3 Qe5 13.Re1 c5 14.f4 Qc7 15.e5 Nd7 16.Qe4 Rc8
17.f5 Qc6 18.Qf4 exf5 19.e6 fxe6 20.Qxf5 e5 21.Bg5 Be7 22.Bxe7 Kxe7 23.Rxe5+ Nxe5
24.Re1 Kd8 25.Rxe5 Qf6 26.Qe4 Rf8 27.Qe1 d3 28.h3 Rc7 29.Re6 Qf4 30.Re4 Qf6 31.Re6
Qf4 32.Re4 Qf6 33.Re6 1/2-1/2

[Event "1. Bundesliga 2014/2015"]
[Site "Feffernitz, St. Veit/Glan, Mayrhofen"]
[Date "2014.11.22"]
[Round "3"]
[Board "3"]
[White "Rotstein, Arkadij"]
[Black "Jovanovic, Zoran"]
[Result "1-0"]
[WhiteElo "2500"]
[BlackElo "2530"]
[PlyCount "105"]
[EventDate "2014.11.20"]
[EventType "team"]
[EventRounds "11"]
[EventCountry "AUT"]
[WhiteTeam "SK Absam"]
[BlackTeam "SV Wolfsberg"]

1.g3 g6 2.Bg2 Bg7 3.c4 c5 4.Nc3 Nc6 5.Nf3 e5 6.O-O Nge7 7.Ne1 d6 8.Nc2 O-O 9.Ne3 Be6
10.Ned5 Qd7 11.Rb1 Bh3 12.Bxh3 Qxh3 13.b4 Nxd5 14.cxd5 Nxb4 15.a3 Na6 16.Rxb7 Qc8
17.Rb1 Qd7 18.d3 Rab8 19.Bd2 Nc7 20.Qc2 a6 21.Rxb8 Rxb8 22.Rb1 Rxb1+ 23.Qxb1 Nb5 24.Ne4
f5 25.Ng5 h6 26.Ne6 Kh7 27.e3 Nxa3 28.Qb6 Nb5 29.Qxa6 g5 30.Ba5 Kg6 31.Nxc5 Qe8 32.Ne6
Bf6 33.Bb4 Be7 34.Qb7 g4 35.Kf1 Kf6 36.Ke2 e4 37.d4 Na7 38.Bxd6 Qb5+ 39.Qxb5 Nxb5
40.Bxe7+ Kxe7 41.Kd2 Nd6 42.Kc3 Nc8 43.Kb4 Kd6 44.Ng7 f4 45.gxf4 Kxd5 46.Nh5 Nd6 47.Nf6+
Ke6 48.Nxg4 h5 49.Ne5 Kd5 50.Kc3 Nf5 51.Kd2 h4 52.Ke2 h3 53.Nf7 1-0

[Event "1. Bundesliga 2014/2015"]
[Site "Feffernitz, St. Veit/Glan, Mayrhofen"]
[Date "2014.11.22"]
[Round "3"]
[Board "4"]
[White "Cebalo, Miso"]
[Black "Wegerle, Joerg"]
[Result "1/2-1/2"]
[WhiteElo "2379"]
[BlackElo "2434"]
[PlyCount "101"]
[EventDate "2014.11.20"]
[EventType "team"]
[EventRounds "11"]
[EventCountry "AUT"]
[WhiteTeam "SV Wolfsberg"]
[BlackTeam "SK Absam"]

1.d4 d5 2.Nf3 e6 3.c4 Be7 4.Nc3 Nf6 5.Bg5 h6 6.Bxf6 Bxf6 7.e3 O-O 8.cxd5 exd5 9.Bd3
c6 10.h3 Be7 11.O-O Nd7 12.Rb1 a5 13.a3 Bd6 14.b4 axb4 15.axb4 Nf6 16.b5 c5 17.dxc5
Bxc5 18.Ne2 Qe7 19.Ned4 Ne4 20.Rc1 Rd8 21.Qc2 Bb6 22.Rfd1 Bd7 23.Qb2 Qf6 24.Rc2 Rac8
25.Rdc1 Rxc2 26.Rxc2 Nc5 27.Qa3 Nxd3 28.Qxd3 Ra8 29.Rc1 g6 30.Qb3 Qd6 31.Ne2 Ra5 32.Nfd4
Ra3 33.Qb2 Ra4 34.Rd1 Qa3 35.Qxa3 Rxa3 36.Nf4 Bxd4 37.Rxd4 Bxb5 38.Nxd5 Kf8 39.g4
Bc6 40.Kh2 Bxd5 41.Rxd5 Rb3 42.Rd7 b5 43.Rb7 b4 44.h4 Rb1 45.Kg3 g5 46.h5 b3 47.Kf3
b2 48.Ke4 Rg1 49.Rxb2 Rxg4+ 50.Kf5 Ra4 51.Rb5 1/2-1/2

[Event "1. Bundesliga 2014/2015"]
[Site "Feffernitz, St. Veit/Glan, Mayrhofen"]
[Date "2014.11.22"]
[Round "3"]
[Board "5"]
[White "Deglmann, Ludwig"]
[Black "Steflitsch, Erich"]
[Result "1/2-1/2"]
[WhiteElo "2374"]
[BlackElo "2343"]
[PlyCount "60"]
[EventDate "2014.11.20"]
[EventType "team"]
[EventRounds "11"]
[EventCountry "AUT"]
[WhiteTeam "SK Absam"]
[BlackTeam "SV Wolfsberg"]

1.d4 d5 2.c4 e6 3.Nc3 Nf6 4.cxd5 exd5 5.Bg5 c6 6.Qc2 Be7 7.e3 O-O 8.Bd3 Nbd7 9.Nge2
Re8 10.O-O Nf8 11.f3 h6 12.Bh4 Ne6 13.Rad1 b6 14.Qd2 Bb7 15.Bc2 Ne4 16.fxe4 Bxh4 17.exd5
cxd5 18.Qd3 Nf8 19.Nf4 Bg5 20.Bb3 Bxf4 21.Rxf4 Re7 22.Rdf1 Ne6 23.Rf5 Nc7 24.Re1 Qd7
25.Qf1 Rae8 26.Rf3 Ba6 27.Qf2 Bd3 28.Bc2 Bxc2 29.Qxc2 Re6 30.Qf2 R8e7 1/2-1/2

[Event "1. Bundesliga 2014/2015"]
[Site "Feffernitz, St. Veit/Glan, Mayrhofen"]
[Date "2014.11.22"]
[Round "3"]
[Board "6"]
[White "Hresc, Vladimir"]
[Black "De Francesco, Klaus"]
[Result "0-1"]
[WhiteElo "2400"]
[BlackElo "2237"]
[PlyCount "118"]
[EventDate "2014.11.20"]
[EventType "team"]
[EventRounds "11"]
[EventCountry "AUT"]
[WhiteTeam "SV Wolfsberg"]
[BlackTeam "SK Absam"]

1.e4 e6 2.d4 d5 3.Nd2 Be7 4.Ngf3 Nf6 5.Bd3 c5 6.exd5 exd5 7.dxc5 O-O 8.O-O Bxc5 9.Nb3
Bb6 10.Bg5 Nc6 11.c3 h6 12.Bh4 g5 13.Bg3 Ne4 14.Nfd4 Qf6 15.Nxc6 bxc6 16.Bxe4 dxe4
17.Qd6 Qxd6 18.Bxd6 Rd8 19.Bc5 Be6 20.Bxb6 axb6 21.Nd4 Bc4 22.Rfe1 c5 23.Nf5 Be6 24.g4
Rd2 25.b4 Bxf5 26.gxf5 cxb4 27.cxb4 Raxa2 28.Rxa2 Rxa2 29.Rxe4 Rb2 30.h4 Kg7 31.hxg5
hxg5 32.Rd4 b5 33.Rg4 Kf6 34.f4 gxf4 35.Rxf4 Ke5 36.Rh4 f6 37.Kf1 Rd2 38.Rh8 Rd4 39.Rc8
Rxb4 40.Ke2 Kxf5 41.Ke3 Re4+ 42.Kf3 Rc4 43.Rb8 Rc3+ 44.Ke2 Rb3 45.Kd2 Kf4 46.Kc2 Rb4
47.Kc3 Rc4+ 48.Kd3 Rc5 49.Rb6 Rd5+ 50.Ke2 f5 51.Rh6 Ke4 52.Re6+ Re5 53.Rb6 f4 54.Kf2
Rf5 55.Rb8 Kd4 56.Kf3 Kc4 57.Ke4 Rf7 58.Rc8+ Kb3 59.Kf3 b4 0-1

[Event "1. Bundesliga 2014/2015"]
[Site "Feffernitz, St. Veit/Glan, Mayrhofen"]
[Date "2014.11.22"]
[Round "3"]
[Board "1"]
[White "Volokitin, Andrei"]
[Black "Lenic, Luka"]
[Result "1-0"]
[WhiteElo "2642"]
[BlackElo "2648"]
[PlyCount "85"]
[EventDate "2014.11.20"]
[EventType "team"]
[EventRounds "11"]
[EventCountry "AUT"]
[WhiteTeam "Sparkasse Jenbach"]
[BlackTeam "SV Raika Rapid Feffernitz"]

1.e4 e5 2.Nf3 Nc6 3.Bb5 a6 4.Ba4 Nf6 5.O-O Be7 6.Re1 b5 7.Bb3 d6 8.c3 O-O 9.h3 Nd7
10.d4 Bf6 11.a4 Rb8 12.axb5 axb5 13.Be3 Ne7 14.d5 Nb6 15.Na3 Bd7 16.Qd3 Na4 17.Qd2
Nb6 18.Nc2 g6 19.Nb4 Bg7 20.Ra6 Nc4 21.Bxc4 bxc4 22.Bh6 Bb5 23.Ra2 c5 24.dxc6 Nxc6
25.Nd5 Rb7 26.Rea1 Kh8 27.h4 Qd7 28.Ra8 Rbb8 29.Rxb8 Nxb8 30.Nf6 Qe7 31.Qg5 Nc6 32.Nd5
Qd8 33.Qxd8 Rxd8 34.Bxg7+ Kxg7 35.Nc7 Rb8 36.Nd2 f5 37.f3 fxe4 38.Nxe4 Ne7 39.Nxd6
Bd7 40.Ra7 Kf8 41.Na6 Rd8 42.Nc5 Bf5 43.Nxc4 1-0